[Event "St Louis Fall B 2019"]
[Site "Saint Louis USA"]
[Date "2019.09.10"]
[Round "1.2"]
[White "Petrosyan, Manuel"]
[Black "Fier, Alexandr"]
[Result "1-0"]
[WhiteTitle "GM"]
[BlackTitle "GM"]
[WhiteElo "2613"]
[BlackElo "2549"]
[WhiteFideId "13300857"]
[BlackFideId "2107139"]
[EventDate "2019.09.10"]

1. c4 Nf6 2. Nc3 g6 3. g3 Bg7 4. Bg2 O-O 5. d4 d6 6. Nf3 c5 7. dxc5 dxc5 8. Qxd8
Rxd8 9. Be3 Nc6 10. Bxc5 Be6 11. Nd2 Nd7 12. Be3 Nb6 13. Rc1 Nxc4 14. Nxc4 Bxc4
15. Bxc6 bxc6 16. b3 Bxc3+ 17. Rxc3 Bd5 18. f3 a5 19. Kf2 a4 20. bxa4 Rxa4 21.
a3 Bc4 22. Bc5 Rd7 23. Rhc1 Bb5 24. Re3 Kf8 25. g4 f6 26. Bb4 Kf7 27. h4 Raa7
28. Re4 h5 29. g5 Rab7 30. gxf6 exf6 31. Rf4 Rd5 32. a4 Bxa4 33. Bc3 Bd1 34.
Rxf6+ Ke8 35. Ke1 Bb3 36. Rxg6 Rc5 37. Bd2 Rxc1+ 38. Bxc1 Rb4 39. Bg5 c5 40. Rc6
Rb5 41. Rc7 Ba4 42. Kf2 Bd1 43. Re7+ Kf8 44. Re5 Kf7 45. Be3 Rb4 46. Rd5 Bb3 47.
Rxh5 c4 48. Rc5 Bd1 49. Ke1 Ba4 50. h5 Rb1+ 51. Kf2 Rh1 52. Rc7+ Ke6 53. h6 Bd1
54. Rxc4 Kf5 55. Kg2 1-0

[Event "St Louis Fall B 2019"]
[Site "Saint Louis USA"]
[Date "2019.09.10"]
[Round "1.3"]
[White "Shtembuliak, Evgeny"]
[Black "Hambleton, Aman"]
[Result "1-0"]
[WhiteTitle "GM"]
[BlackTitle "GM"]
[WhiteElo "2548"]
[BlackElo "2492"]
[WhiteFideId "14113325"]
[BlackFideId "2606577"]
[EventDate "2019.09.10"]

1. c4 e5 2. Nc3 Bb4 3. Nd5 Bc5 4. e3 Nf6 5. b4 Be7 6. Nxe7 Qxe7 7. Bb2 O-O 8.
Nf3 d6 9. d3 Bg4 10. Be2 a5 11. b5 Nbd7 12. h3 Bxf3 13. Bxf3 e4 14. Be2 exd3 15.
Bxd3 Ne4 16. O-O Rae8 17. Rc1 Ndc5 18. Bb1 f5 19. Qd5+ Kh8 20. Bd4 Rc8 21. Bxe4
c6 22. bxc6 bxc6 23. Qxc6 Rxc6 24. Bxc6 Qc7 25. Bf3 Rb8 26. Rb1 Rxb1 27. Rxb1 h6
28. Bd5 a4 29. h4 Kh7 30. h5 a3 31. g3 Qc8 32. Bf7 Kh8 33. Bg6 Kg8 34. Rb6 Kf8
35. Rxd6 Ne4 36. Rd5 Qxc4 37. Rxf5+ Nf6 38. Bc5+ Kg8 39. Bxa3 Qxa2 40. Ra5 Kh8
41. Kg2 Qc4 42. e4 Ng8 43. Bf5 Qc3 44. Ra8 Qc6 45. Rc8 Qa6 46. Bc1 Qe2 47. g4
Qa6 48. Bf4 Qb7 49. Bg3 Qf7 50. Kh2 Qe7 51. Rb8 Qf7 52. Bc8 Kh7 53. Bf5+ Kh8 54.
e5 Qe7 55. e6 Qc5 56. Bb1 Qe7 57. Ba2 Kh7 58. Bb3 Kh8 59. Kh3 Kh7 60. Bc2+ Kh8
61. f3 Qxe6 62. Bb3 Qe2 63. Bxg8 Qf1+ 64. Kh2 Qe2+ 65. Kg1 Qe5 66. Bd5+ 1-0

[Event "St Louis Fall B 2019"]
[Site "Saint Louis USA"]
[Date "2019.09.10"]
[Round "1.4"]
[White "Hakobyan, Aram"]
[Black "Mikhalevski, Victor"]
[Result "1-0"]
[WhiteTitle "GM"]
[BlackTitle "GM"]
[WhiteElo "2550"]
[BlackElo "2578"]
[WhiteFideId "13306677"]
[BlackFideId "2801914"]
[EventDate "2019.09.10"]

1. d4 Nf6 2. c4 g6 3. Nc3 d5 4. Nf3 Bg7 5. h4 c6 6. cxd5 cxd5 7. Bf4 Nc6 8. e3
O-O 9. Qb3 b6 10. Rc1 Bb7 11. Be2 e6 12. Qa3 Ne4 13. O-O Re8 14. Nb5 Re7 15. Rc2
a6 16. Nd6 Nxd6 17. Bxd6 Rd7 18. Bf4 Bf8 19. Qb3 Na5 20. Qd3 f6 21. Rfc1 Nc4 22.
Nd2 Nd6 23. Bg4 Kf7 24. h5 Rc8 25. hxg6+ hxg6 26. Nf3 Rxc2 27. Qxc2 Qc8 28. Ne5+ 1-0

[Event "St Louis Fall B 2019"]
[Site "Saint Louis USA"]
[Date "2019.09.10"]
[Round "1.5"]
[White "Quesada Perez, Yasser"]
[Black "Kadric, Denis"]
[Result "1-0"]
[WhiteTitle "GM"]
[BlackTitle "GM"]
[WhiteElo "2572"]
[BlackElo "2558"]
[WhiteFideId "3509362"]
[BlackFideId "14403803"]
[EventDate "2019.09.10"]

1. e4 d6 2. f4 Nf6 3. Nc3 g6 4. Nf3 Bg7 5. h3 O-O 6. g4 e5 7. f5 d5 8. d3 dxe4
9. dxe4 Qxd1+ 10. Kxd1 c6 11. Bd3 Re8 12. Nh4 Nbd7 13. Be3 b5 14. a4 b4 15. Nb1
Bf8 16. Nd2 Bc5 17. Ke2 Kg7 18. Nb3 Bxe3 19. Kxe3 a5 20. Rhd1 Nb6 21. Be2 Ba6
22. Bxa6 Rxa6 23. Nc5 Ra7 24. b3 Rc8 25. Rd6 Nfd7 26. Nxd7 Rxd7 27. Rxd7 Nxd7
28. Rd1 Rc7 29. Nf3 Kf6 30. g5+ Ke7 31. h4 Rc8 32. h5 Rg8 33. hxg6 hxg6 34. Rh1
Kd6 35. Rh7 Ke7 36. Rh6 Kd8 37. fxg6 Rxg6 38. Rh8+ Kc7 39. Rh7 Kd6 40. Rxf7 Rg8
41. g6 c5 42. Nh4 Ke6 43. Nf5 Nf8 44. Ng7+ Kd6 45. Ne8+ Ke6 46. Nc7+ Kd6 47. g7
Nh7 48. Nd5 1-0

[Event "St Louis Fall B 2019"]
[Site "Saint Louis USA"]
[Date "2019.09.11"]
[Round "2.1"]
[White "Zierk, Steven"]
[Black "Kadric, Denis"]
[Result "1/2-1/2"]
[WhiteTitle "GM"]
[BlackTitle "GM"]
[WhiteElo "2517"]
[BlackElo "2558"]
[WhiteFideId "2034255"]
[BlackFideId "14403803"]
[EventDate "2019.09.10"]

1. e4 d6 2. d4 Nf6 3. Nc3 e5 4. dxe5 dxe5 5. Qxd8+ Kxd8 6. Bc4 Ke8 7. f3 c6 8.
a4 a5 9. Be3 Na6 10. Nge2 Bc5 11. Nd1 Nd7 12. Nc1 Bxe3 13. Nxe3 Nac5 14. Nd3
Nxd3+ 15. Bxd3 Nc5 16. Nc4 f6 17. Nb6 Rb8 18. Bc4 Kd8 19. c3 Kc7 20. Nxc8 Rhxc8
21. Kd2 Rd8+ 22. Kc2 Ra8 23. h4 Rd6 24. Rhd1 Rxd1 25. Kxd1 b6 26. Kc2 Rf8 27. b4
Nb7 28. Rd1 Nd6 29. Be6 Re8 30. Bh3 Re7 31. g3 g6 32. Re1 Re8 33. Rd1 h6 34. Re1
Re7 35. Bg4 Re8 36. Re2 c5 37. Re1 Kc6 38. bxa5 bxa5 39. Bh3 Re7 40. Bf1 Kc7 41.
Kb3 Re8 42. Kc2 Rg8 43. Bh3 Re8 44. Bf1 Kc6 45. Rb1 c4 46. Kd2 f5 47. Ke3 g5 48.
hxg5 hxg5 49. exf5 Nxf5+ 50. Kf2 Nd6 51. Re1 Kc5 52. Bg2 Re7 53. f4 gxf4 54.
gxf4 e4 55. Rh1 Rf7 56. Rh5+ Kb6 57. Rh6 Kc5 58. Rh5+ 1/2-1/2

[Event "St Louis Fall B 2019"]
[Site "Saint Louis USA"]
[Date "2019.09.11"]
[Round "2.2"]
[White "Mikhalevski, Victor"]
[Black "Quesada Perez, Yasser"]
[Result "1/2-1/2"]
[WhiteTitle "GM"]
[BlackTitle "GM"]
[WhiteElo "2578"]
[BlackElo "2572"]
[WhiteFideId "2801914"]
[BlackFideId "3509362"]
[EventDate "2019.09.10"]

1. Nf3 d5 2. g3 Bf5 3. Bg2 e6 4. c4 c6 5. Qb3 Qb6 6. d3 Nd7 7. O-O Ngf6 8. cxd5
Qxb3 9. axb3 exd5 10. Bd2 Bd6 11. Bc3 O-O 12. b4 Rfe8 13. Re1 a6 14. Nbd2 Bg6
15. Nb3 Rab8 16. Nh4 Bc7 17. h3 Re7 18. f4 Rbe8 19. Kf2 h6 20. Nxg6 fxg6 21. Bf3
g5 22. e3 Bb6 23. Bd4 Bxd4 24. Nxd4 g6 25. Rac1 Nb6 26. Bg2 g4 27. Re2 Nc8 28.
Rce1 Nd6 29. hxg4 Nxg4+ 30. Kf3 Nh2+ 31. Kf2 Ng4+ 32. Kf3 Nh2+ 1/2-1/2

[Event "St Louis Fall B 2019"]
[Site "Saint Louis USA"]
[Date "2019.09.11"]
[Round "2.3"]
[White "Hambleton, Aman"]
[Black "Hakobyan, Aram"]
[Result "1/2-1/2"]
[WhiteTitle "GM"]
[BlackTitle "GM"]
[WhiteElo "2492"]
[BlackElo "2550"]
[WhiteFideId "2606577"]
[BlackFideId "13306677"]
[EventDate "2019.09.10"]

1. c4 Nf6 2. Nc3 e6 3. e4 e5 4. g3 Bc5 5. Bg2 d6 6. h3 Nc6 7. Nge2 a6 8. d3 b5
9. O-O bxc4 10. dxc4 O-O 11. Kh2 Nd4 12. Be3 Ne6 13. Qd2 Rb8 14. b3 Bxe3 15.
Qxe3 c5 16. f4 Nd4 17. Qd3 Bb7 18. f5 Nd7 19. Nb1 Bc6 20. Nd2 a5 21. a4 Rb4 22.
Rae1 Qf6 23. Nc1 Rfb8 24. Bf3 g6 25. g4 Qg5 26. Bd1 Nf6 27. Qe3 Qh4 28. Qf2 Qh6
29. fxg6 fxg6 30. Qxf6 Qxd2+ 1/2-1/2

[Event "St Louis Fall B 2019"]
[Site "Saint Louis USA"]
[Date "2019.09.11"]
[Round "2.4"]
[White "Fier, Alexandr"]
[Black "Shtembuliak, Evgeny"]
[Result "0-1"]
[WhiteTitle "GM"]
[BlackTitle "GM"]
[WhiteElo "2549"]
[BlackElo "2548"]
[WhiteFideId "2107139"]
[BlackFideId "14113325"]
[EventDate "2019.09.10"]

1. c4 g6 2. Nc3 Bg7 3. g3 Nf6 4. Bg2 O-O 5. e4 c5 6. Nge2 Nc6 7. d3 d6 8. O-O a6
9. a4 Bg4 10. f3 Bd7 11. Be3 Rc8 12. h3 Ne8 13. f4 Nd4 14. Bf2 Nxe2+ 15. Qxe2
Nc7 16. a5 Ne6 17. e5 Bc6 18. Nd5 Bxd5 19. Bxd5 Qd7 20. h4 Nd8 21. Rab1 e6 22.
Bg2 dxe5 23. fxe5 Qc7 24. Rfe1 Qxa5 25. b4 cxb4 26. Qb2 Qc7 27. d4 Nc6 28. Bxc6
Qxc6 29. Qxb4 b6 30. Qxb6 Qxc4 31. Qb3 Bh6 32. Qxc4 Rxc4 33. Rb7 Ra8 34. Reb1
Rc1+ 35. Rxc1 Bxc1 36. Rb1 Bd2 37. Rb2 Bc3 38. Rb3 Rc8 39. Kf1 a5 40. Ke2 Bb4
41. Kd3 h5 42. Rb2 Kf8 43. Ke4 Ke8 44. Be3 Rc7 45. Rb1 Kd7 46. Rf1 Kc6 47. Rf6
Kb5 48. d5 exd5+ 49. Kxd5 Rd7+ 50. Ke4 a4 51. Rb6+ Kc4 52. Rc6+ Kb3 53. Rb6 Rc7
54. Bd4 a3 55. e6 fxe6 56. Be5 Rc5 57. Bh8 e5 0-1

[Event "St Louis Fall B 2019"]
[Site "Saint Louis USA"]
[Date "2019.09.11"]
[Round "2.5"]
[White "Grigoryan, Avetik"]
[Black "Petrosyan, Manuel"]
[Result "1-0"]
[WhiteTitle "GM"]
[BlackTitle "GM"]
[WhiteElo "2568"]
[BlackElo "2613"]
[WhiteFideId "13302191"]
[BlackFideId "13300857"]
[EventDate "2019.09.10"]

1. c4 Nf6 2. Nc3 e5 3. Nf3 Nc6 4. e4 Bc5 5. Nxe5 Nxe5 6. d4 Bb4 7. dxe5 Nxe4 8.
Qf3 Qh4 9. g3 Ng5 10. Qe2 Qe4 11. Bxg5 Qxh1 12. f3 Bxc3+ 13. bxc3 b6 14. O-O-O
Bb7 15. Qd2 O-O 16. Bg2 Qxh2 17. Bh4 Bxf3 18. Bxf3 Qxd2+ 19. Rxd2 Rae8 20. Rd5
c6 21. Rxd7 Rxe5 22. Be7 Re8 23. Bd6 Rf5 24. Bxc6 Rf2 25. Kd1 h5 26. Be7 Rxa2
27. Rc7 Rb8 28. Bd5 a5 29. c5 Ra1+ 30. Kc2 bxc5 31. Bd6 Kh7 32. Bxf7 Rab1 33.
Bxc5 R1b7 34. Rxb7 Rxb7 35. Bd5 Rb5 36. Be4+ Kg8 37. Bd6 Kf7 38. c4 Rg5 39. Bf4
Rc5 40. Kc3 Ke6 41. Kd4 Rc8 42. Bd5+ Kf5 43. Bd6 a4 44. Kc3 Rd8 45. c5 a3 46.
Kb3 g5 47. Kxa3 h4 48. gxh4 gxh4 49. Kb4 h3 50. Kc4 Rh8 51. Bh2 Rh4+ 52. Kd3 Kf6
53. c6 Ke7 54. c7 Rh8 55. Bf3 1-0

[Event "St Louis Fall B 2019"]
[Site "Saint Louis USA"]
[Date "2019.09.12"]
[Round "3.1"]
[White "Petrosyan, Manuel"]
[Black "Zierk, Steven"]
[Result "1/2-1/2"]
[WhiteTitle "GM"]
[BlackTitle "GM"]
[WhiteElo "2613"]
[BlackElo "2517"]
[WhiteFideId "13300857"]
[BlackFideId "2034255"]
[EventDate "2019.09.10"]

1. c4 e5 2. Nc3 Nf6 3. Nf3 Nc6 4. e3 Bb4 5. Qc2 Bxc3 6. Qxc3 Qe7 7. d4 exd4 8.
Nxd4 Nxd4 9. Qxd4 c5 10. Qh4 d5 11. cxd5 Nxd5 12. Qxe7+ Kxe7 13. a3 Be6 14. e4
Nf6 15. f3 Bb3 16. Be3 Nd7 17. Rc1 Rac8 18. Bc4 Bxc4 19. Rxc4 b5 20. Rc2 a5 21.
Ke2 Rc6 22. Rd1 a4 23. Rd5 Rhc8 24. g4 b4 25. g5 bxa3 26. bxa3 Rb8 27. Rc4 Rb2+
28. Rd2 Rxd2+ 29. Kxd2 Ne5 30. Rxc5 Kd6 31. Rd5+ Ke6 32. f4 Nc4+ 33. Kd3 Nxe3
34. Kxe3 Rc2 35. f5+ Ke7 36. Rd4 Rc3+ 37. Rd3 Rc2 38. h3 f6 39. gxf6+ gxf6 40.
Kf4 Rc4 41. Re3 Kf7 42. Kg4 Rd4 43. Kh5 Kg7 44. h4 Rc4 45. Rg3+ Kf8 46. Kh6 Rxe4
47. Kxh7 Rxh4+ 48. Kg6 Rc4 49. Rd3 Ke7 50. Re3+ Kf8 51. Kxf6 Rc7 52. Re4 Rf7+
53. Kg5 Rg7+ 54. Kf4 Rh7 55. Re3 Rb7 56. Re4 Rh7 57. Kg4 Rg7+ 58. Kf3 Rf7 59.
Rf4 Ke7 60. Re4+ Kf8 61. Rf4 Ke7 62. Ke4 Kf6 63. Kd5 Ra7 64. Kc6 Ke5 65. Rf3 Rf7
66. Re3+ Kd4 67. Rh3 Rxf5 68. Rh4+ Kc3 69. Rxa4 Kb3 70. Ra8 Rf4 71. Kc5 Ra4 72.
Rxa4 Kxa4 73. Kd6 Kxa3 1/2-1/2

[Event "St Louis Fall B 2019"]
[Site "Saint Louis USA"]
[Date "2019.09.12"]
[Round "3.2"]
[White "Shtembuliak, Evgeny"]
[Black "Grigoryan, Avetik"]
[Result "1-0"]
[WhiteTitle "GM"]
[BlackTitle "GM"]
[WhiteElo "2548"]
[BlackElo "2568"]
[WhiteFideId "14113325"]
[BlackFideId "13302191"]
[EventDate "2019.09.10"]

1. d4 Nf6 2. c4 c5 3. d5 e6 4. Nc3 exd5 5. cxd5 d6 6. Nf3 g6 7. Bf4 a6 8. e4 b5
9. Be2 Bg7 10. O-O O-O 11. e5 Nh5 12. Be3 dxe5 13. Bxc5 Re8 14. Nd2 Nd7 15. Be3
Nhf6 16. Qb3 Nb6 17. Bf3 Bf5 18. Nde4 Nxe4 19. Bxe4 Bxe4 20. Bxb6 Qxb6 21. Nxe4
Qd4 22. Rfe1 Red8 23. Rad1 Qc4 24. Qf3 Qxa2 25. d6 f5 26. Nc5 e4 27. Qg3 Rac8
28. b4 Qf7 29. d7 Rc6 30. Rd6 f4 31. Qg5 Bf6 32. Qxf4 Bc3 33. Qh4 Bxe1 34. Rxc6
Rf8 35. Rf6 1-0

[Event "St Louis Fall B 2019"]
[Site "Saint Louis USA"]
[Date "2019.09.12"]
[Round "3.3"]
[White "Hakobyan, Aram"]
[Black "Fier, Alexandr"]
[Result "0-1"]
[WhiteTitle "GM"]
[BlackTitle "GM"]
[WhiteElo "2550"]
[BlackElo "2549"]
[WhiteFideId "13306677"]
[BlackFideId "2107139"]
[EventDate "2019.09.10"]

1. d4 Nf6 2. c4 c5 3. d5 g6 4. Nc3 Bg7 5. e4 O-O 6. Bd3 e6 7. h3 exd5 8. exd5
Re8+ 9. Nge2 d6 10. O-O Nfd7 11. f4 Na6 12. a3 Nc7 13. Ne4 Nf6 14. Nxf6+ Qxf6
15. f5 Qe7 16. Ng3 b5 17. Qf3 bxc4 18. Bc2 Be5 19. Kh1 Bd7 20. a4 Kh8 21. Ra3
Qh4 22. Ne4 Bxf5 23. Ng5 Bxc2 24. Nxf7+ Kg7 25. Nxe5 Rf8 26. Nf7 Bf5 27. Bg5 Qd4
28. Nh6 Nxd5 29. Raa1 Qd3 30. Qf2 Be4 31. Nf7 Qxh3+ 32. Kg1 Qxg2+ 33. Qxg2 Bxg2
34. Bh6+ Kg8 35. Bxf8 Bxf1 36. Bxd6 Kxf7 37. Rxf1+ Ke6 38. Bxc5 a5 39. Re1+ Kd7
40. Re5 Kc6 41. Ba3 Rd8 42. Kf2 Rd7 43. Kg3 Kb6 44. Re6+ Kb7 45. Re5 Ka6 46.
Re6+ Nb6 47. Bc5 Rd3+ 48. Kf4 Rb3 49. Bd4 Kb7 50. Re7+ Kc6 51. Rxh7 Nxa4 52. Ra7
Rb5 53. Rg7 g5+ 54. Ke4 Kd6 55. Rg6+ Kd7 56. Bc3 Ke8 57. Kd4 Kf7 58. Rc6 Nxb2
59. Ra6 a4 60. Ke4 Nd1 61. Bd4 Nb2 62. Bxb2 Rxb2 63. Rxa4 Rf2 64. Ke3 Rf4 65.
Ra6 Rf6 66. Ra8 Kg6 67. Rh8 Rf4 68. Rh1 Kf5 69. Ra1 Re4+ 70. Kf3 g4+ 71. Kf2 Kf4
72. Ra3 Ke5 73. Kg3 Kd4 0-1

[Event "St Louis Fall B 2019"]
[Site "Saint Louis USA"]
[Date "2019.09.12"]
[Round "3.4"]
[White "Quesada Perez, Yasser"]
[Black "Hambleton, Aman"]
[Result "1-0"]
[WhiteTitle "GM"]
[BlackTitle "GM"]
[WhiteElo "2572"]
[BlackElo "2492"]
[WhiteFideId "3509362"]
[BlackFideId "2606577"]
[EventDate "2019.09.10"]

1. e4 c5 2. Nf3 e6 3. Nc3 Nc6 4. Bb5 Nge7 5. d4 cxd4 6. Nxd4 Nxd4 7. Qxd4 a6 8.
Bd3 Nc6 9. Qe3 Qc7 10. f4 Be7 11. Qh3 b5 12. O-O Bb7 13. Be3 Na5 14. Rad1 Nc4
15. Bc1 Bc5+ 16. Kh1 Bd4 17. Be2 Ba7 18. a3 Rc8 19. Rd3 Nd6 20. Bf3 f5 21. Rfd1
Nxe4 22. Nxe4 Bxe4 23. Bh5+ Kf8 24. Rxd7 1-0

[Event "St Louis Fall B 2019"]
[Site "Saint Louis USA"]
[Date "2019.09.12"]
[Round "3.5"]
[White "Kadric, Denis"]
[Black "Mikhalevski, Victor"]
[Result "1/2-1/2"]
[WhiteTitle "GM"]
[BlackTitle "GM"]
[WhiteElo "2558"]
[BlackElo "2578"]
[WhiteFideId "14403803"]
[BlackFideId "2801914"]
[EventDate "2019.09.10"]

1. e4 e5 2. Nf3 Nc6 3. Bc4 Bc5 4. O-O Nf6 5. d3 O-O 6. Re1 d6 7. c3 Bb6 8. a4 a5
9. Nbd2 Ne7 10. Bb3 c6 11. h3 Ng6 12. d4 exd4 13. cxd4 d5 14. e5 Nh5 15. Nf1
Nhf4 16. Bxf4 Nxf4 17. Qd2 Ne6 18. Bc2 f6 19. Bf5 fxe5 20. Bxe6+ Bxe6 21. Nxe5
Qh4 22. Nxc6 bxc6 23. Rxe6 Qxd4 24. Qxd4 Bxd4 25. Ne3 Rab8 26. Rxc6 Rxb2 27. Rd1
Bxe3 28. fxe3 Rff2 29. Rc8+ Kf7 30. Rf1 Rxf1+ 31. Kxf1 Ra2 32. Rc5 Rxa4 33. Rxd5
Ra2 34. Rd7+ Kg6 35. Ra7 h5 36. e4 h4 37. e5 Kf5 38. Rxg7 a4 39. Rg4 a3 40. Ra4
Kxe5 41. Kg1 Ra1+ 1/2-1/2

[Event "St Louis Fall B 2019"]
[Site "Saint Louis USA"]
[Date "2019.09.13"]
[Round "4.1"]
[White "Zierk, Steven"]
[Black "Mikhalevski, Victor"]
[Result "0-1"]
[WhiteTitle "GM"]
[BlackTitle "GM"]
[WhiteElo "2517"]
[BlackElo "2578"]
[WhiteFideId "2034255"]
[BlackFideId "2801914"]
[EventDate "2019.09.10"]

1. e4 e5 2. Nf3 Nc6 3. Bc4 Bc5 4. c3 Nf6 5. d4 exd4 6. e5 d5 7. Bb5 Ne4 8. cxd4
Bb6 9. Nc3 O-O 10. Be3 Bg4 11. h3 Bh5 12. Qc2 Bg6 13. Qe2 Nxc3 14. bxc3 f6 15.
Bxc6 bxc6 16. exf6 Qxf6 17. Ne5 c5 18. O-O Qd6 19. Nxg6 hxg6 20. dxc5 Bxc5 21.
Bxc5 Qxc5 22. Qe6+ Kh7 23. Rad1 Rf5 24. Rd4 Raf8 25. Rh4+ Rh5 26. Rxh5+ gxh5 27.
Qe5 h4 28. Qg5 Kg8 29. Qd2 Re8 30. Rb1 a5 31. Qd3 c6 32. Kf1 Qd6 33. Kg1 Qf4 34.
a3 Qe4 35. Qd1 Qe2 36. Qd4 Re4 37. Qa7 Qc2 38. Rb8+ Kh7 39. Qf7 Qc1+ 40. Kh2
Qf4+ 41. Qxf4 Rxf4 42. Ra8 a4 43. Re8 Rxf2 44. c4 d4 45. c5 Kg6 46. Re4 Rd2 47.
Rxh4 Kf5 48. Rg4 g6 49. Kg3 Rd3+ 50. Kf2 Ke5 51. Rxg6 Rxa3 52. Rxc6 Ra2+ 53. Kf3
a3 54. Ra6 Ra1 55. Kf2 d3 56. c6 Kd6 57. Ra4 a2 58. Ra3 Kxc6 0-1

[Event "St Louis Fall B 2019"]
[Site "Saint Louis USA"]
[Date "2019.09.13"]
[Round "4.2"]
[White "Hambleton, Aman"]
[Black "Kadric, Denis"]
[Result "0-1"]
[WhiteTitle "GM"]
[BlackTitle "GM"]
[WhiteElo "2492"]
[BlackElo "2558"]
[WhiteFideId "2606577"]
[BlackFideId "14403803"]
[EventDate "2019.09.10"]

1. c4 e5 2. g3 d6 3. Bg2 Be7 4. Nc3 f5 5. d3 Nf6 6. e4 fxe4 7. dxe4 c6 8. Nge2
O-O 9. h3 a6 10. a4 a5 11. O-O Be6 12. b3 Na6 13. Be3 Nd7 14. f4 Ndc5 15. Rb1
Bf7 16. Qd2 exf4 17. gxf4 Qc7 18. Ng3 Rad8 19. Kh2 Rfe8 20. Bf3 Bf8 21. Rg1 Kh8
22. Qg2 Bg6 23. Rbe1 d5 24. cxd5 Nd3 25. e5 Bb4 26. Rc1 Nxc1 27. Rxc1 Nc5 28. d6
Qf7 29. Bxc5 Bxc5 30. Nd1 Ba3 31. Rc4 b5 32. axb5 cxb5 33. Bd5 Qf8 34. Rd4 Bc5
35. Qd2 Bxd4 36. Qxd4 Rxd6 37. exd6 Qxd6 38. Nc3 Rd8 39. Qf2 b4 0-1

[Event "St Louis Fall B 2019"]
[Site "Saint Louis USA"]
[Date "2019.09.13"]
[Round "4.3"]
[White "Fier, Alexandr"]
[Black "Quesada Perez, Yasser"]
[Result "0-1"]
[WhiteTitle "GM"]
[BlackTitle "GM"]
[WhiteElo "2549"]
[BlackElo "2572"]
[WhiteFideId "2107139"]
[BlackFideId "3509362"]
[EventDate "2019.09.10"]

1. c4 e5 2. Nc3 Nc6 3. g3 g6 4. Bg2 Bg7 5. e4 d6 6. Nge2 f5 7. d3 Nf6 8. O-O O-O
9. Nd5 Ne7 10. Nxf6+ Bxf6 11. Bh6 Bg7 12. Bxg7 Kxg7 13. exf5 Nxf5 14. d4 c6 15.
dxe5 dxe5 16. Qxd8 Rxd8 17. Rad1 Be6 18. b3 Rxd1 19. Rxd1 Re8 20. Nc3 h6 21. h3
Nd4 22. Ne4 Rd8 23. Kf1 Bf5 24. c5 Bxe4 25. Bxe4 a5 26. a3 g5 27. Kg2 Kf6 28.
Rd3 Ke7 29. Re3 Kf6 30. Rd3 Ra8 31. Kf1 Ke7 32. Re3 Kf6 33. Rd3 Rb8 34. Ke1 Ke6
35. Rc3 Nb5 36. Rd3 Ke7 37. a4 Nd4 38. Rc3 b6 39. cxb6 Kd6 40. Bd3 Rxb6 41. Bc4
Rb8 42. Bf7 Rf8 43. Bh5 c5 44. Bd1 e4 45. Kf1 Kd5 46. Kg2 Rf6 47. Bh5 Nc6 48. f3
Ne5 49. fxe4+ Kd4 50. Rc1 Rb6 51. Bd1 Rb4 52. h4 Nd3 53. Ra1 gxh4 54. Bc2 c4 55.
Bxd3 cxd3 56. gxh4 d2 57. Kf3 Kd3 58. e5 Re4 0-1

[Event "St Louis Fall B 2019"]
[Site "Saint Louis USA"]
[Date "2019.09.13"]
[Round "4.4"]
[White "Grigoryan, Avetik"]
[Black "Hakobyan, Aram"]
[Result "1/2-1/2"]
[WhiteTitle "GM"]
[BlackTitle "GM"]
[WhiteElo "2568"]
[BlackElo "2550"]
[WhiteFideId "13302191"]
[BlackFideId "13306677"]
[EventDate "2019.09.10"]

1. e4 c6 2. d4 d5 3. exd5 cxd5 4. Bd3 Nc6 5. c3 g6 6. Nf3 Bf5 7. Be2 Nf6 8. O-O
Qc7 9. Na3 a6 10. Nc2 Bg7 11. Nce1 O-O 12. h3 b5 13. g4 Bd7 14. Nd3 Ne4 15. Bf4
Qb6 16. Nfe5 Nxe5 17. Nxe5 Rfd8 18. Bf3 Be8 19. Qe2 Rac8 20. a3 Qf6 21. Bh2 Qh4
22. Bg2 a5 23. Nd3 e6 24. f3 Nd6 25. Be5 Bf8 26. Kh2 Nc4 27. Bg3 Qf6 28. Qf2 Rd7
29. f4 Nd6 30. Nc5 Ra7 31. Bh4 Qg7 32. Qe2 Bc6 33. Rf2 1/2-1/2

[Event "St Louis Fall B 2019"]
[Site "Saint Louis USA"]
[Date "2019.09.13"]
[Round "4.5"]
[White "Petrosyan, Manuel"]
[Black "Shtembuliak, Evgeny"]
[Result "1/2-1/2"]
[WhiteTitle "GM"]
[BlackTitle "GM"]
[WhiteElo "2613"]
[BlackElo "2548"]
[WhiteFideId "13300857"]
[BlackFideId "14113325"]
[EventDate "2019.09.10"]

1. d4 d6 2. Nf3 g6 3. c4 Bg7 4. Nc3 Nf6 5. e4 O-O 6. Be2 Bg4 7. Be3 Nfd7 8. Ng1
Bxe2 9. Ngxe2 e5 10. O-O Nc6 11. d5 Ne7 12. b4 f5 13. f3 Nf6 14. Nc1 c6 15. dxc6
bxc6 16. Nb3 d5 17. cxd5 cxd5 18. exd5 Nexd5 19. Nxd5 Nxd5 20. Bc5 Rf7 21. Qd2
Rd7 22. Rad1 e4 23. a3 Qe8 24. fxe4 fxe4 25. Bd4 Rad8 26. Bxg7 e3 27. Qe2 Kxg7
28. Nc5 Re7 29. Rd3 Re5 30. Qb2 Kh6 31. Rd4 g5 32. h4 e2 33. Re1 Qe7 34. Qd2 Rf8 1/2-1/2

[Event "St Louis Fall B 2019"]
[Site "Saint Louis USA"]
[Date "2019.09.14"]
[Round "5.1"]
[White "Shtembuliak, Evgeny"]
[Black "Zierk, Steven"]
[Result "1/2-1/2"]
[WhiteTitle "GM"]
[BlackTitle "GM"]
[WhiteElo "2548"]
[BlackElo "2517"]
[WhiteFideId "14113325"]
[BlackFideId "2034255"]
[EventDate "2019.09.10"]

1. c4 e5 2. g3 c6 3. Nf3 e4 4. Nd4 d5 5. cxd5 Qxd5 6. Nc2 Nf6 7. Nc3 Qe5 8. Bg2
Bc5 9. b4 Bb6 10. Bb2 Qe7 11. Na4 Bf5 12. Nxb6 axb6 13. Ne3 Bg6 14. Qb3 O-O 15.
g4 Rd8 16. h4 h5 17. Bh3 Na6 18. Rg1 Kh7 19. gxh5 Nxh5 20. Bg4 Nf4 21. h5 Bxh5
22. Bxh5 Nxh5 23. Nf5 Qd7 24. Qh3 Qxd2+ 25. Kf1 g6 26. Bc3 Rd3 27. Qxd3 exd3 28.
Bxd2 gxf5 29. Rg5 Ng7 30. exd3 Nc7 31. Bc3 Nce6 32. Rg3 Nh5 33. Re3 Nef4 34. Bb2
Rd8 35. Rd1 Nd5 36. Rh3 Kg6 37. a3 c5 38. bxc5 bxc5 39. Ke1 Ndf4 40. Rf3 c4 41.
Kd2 Nxd3 42. Rg1+ Kh6 43. Rxf5 Nxb2+ 44. Kc2 Nd3 45. Rh1 Kg6 46. Rfxh5 Ra8 47.
Rh6+ Kg7 48. Rh7+ Kg6 49. R1h6+ Kg5 50. Rh5+ Kg6 51. R5h6+ Kg5 52. Rb6 f5 53.
Rg7+ Kf4 54. Rc7 Rxa3 55. Rxc4+ 1/2-1/2

[Event "St Louis Fall B 2019"]
[Site "Saint Louis USA"]
[Date "2019.09.14"]
[Round "5.2"]
[White "Hakobyan, Aram"]
[Black "Petrosyan, Manuel"]
[Result "1/2-1/2"]
[WhiteTitle "GM"]
[BlackTitle "GM"]
[WhiteElo "2550"]
[BlackElo "2613"]
[WhiteFideId "13306677"]
[BlackFideId "13300857"]
[EventDate "2019.09.10"]

1. e4 e5 2. Nf3 Nc6 3. Bc4 Nf6 4. d3 Bc5 5. c3 d6 6. Nbd2 O-O 7. h3 a6 8. Bb3
Be6 9. Nf1 Bxb3 10. axb3 d5 11. Qe2 dxe4 12. dxe4 Qd7 13. b4 Bb6 14. Ng3 h6 15.
Nh2 Rad8 16. Ng4 Nxg4 17. hxg4 Qd3 18. Nf5 Rfe8 19. Rh3 Qxe2+ 20. Kxe2 Ne7 21.
Ne3 Bxe3 22. Bxe3 Nc8 23. f3 Nd6 24. Rhh1 f6 25. Rad1 Kf7 26. Rd5 Nc4 27. Rxd8
Rxd8 28. Bc1 Nd6 29. Be3 Nc4 30. Bc1 Nd6 31. g3 Ra8 32. Kd3 1/2-1/2